000 00627nam a2200193 i 4500
001 168229
003 ES-MaACL
005 20231229063055.0
008 931025s1895 sp |||| | spa d
100 1 _aZorrilla, José,
_d1817-1893
_9118354
245 1 0 _aGranada
_b: poema oriental ; precedido de la leyenda de Al-Hamar /
_cpor José Zorrilla.
246 3 0 _aAl-Hamar
250 _aNueva ed.
260 _aMadrid :
_b[s.n.],
_c1895 (
_fImp. y Lit. de los Huérfanos)
300 _a2 v. ;
_c21 cm.
500 _aPalau, 380978.
852 _aES-MaACL
_jB-5692-93
_z- Enc. pasta española
999 _c168229
_d168229